Normal view
MARC view
- Findlay, Joseph John
Entry Personal Name
001 - CONTROL NUMBER
- control field: 49756
003 - CONTROL NUMBER IDENTIFIER
- control field: NUST
005 - DATE AND TIME OF LATEST TRANSACTION
- control field: 20210314134429.0
008 - FIXED-LENGTH DATA ELEMENTS
- fixed length control field: 210314|| aca||aabn | a|a d
040 ## - CATALOGING SOURCE
- Original cataloging agency: NUST
- Transcribing agency: NUST
100 ## - HEADING--PERSONAL NAME
- Personal name: Findlay, Joseph John
670 ## - SOURCE DATA FOUND
- Source citation: Work cat.: (NUST): Findlay, Joseph John,, The foundations of education;, 1925-30.
